[Event "CZE-ch U16 2020"]
[Site "Kouty nad Desnou"]
[Date "2020.03.08"]
[Round "2.5"]
[White "Kusa, Jakub"]
[Black "Jares, Michal"]
[Result "1-0"]
[WhiteElo "2188"]
[BlackElo "1907"]
[Annotator "ChessBase"]
[PlyCount "120"]
[EventDate "2020.03.07"]
[EventCountry "CZE"]
[SourceTitle "playchess.com"]
[Source "ChessBase"]
[SourceQuality "1"]
[TimeControl "5400+30"]

1. e4 {[%emt 0:00:00]} c5 {[%emt 0:00:00]} 2. Nf3 {[%emt 0:00:00]} Nc6 {[%emt 0:00:50]} 3. d4 {[%emt 0:00:03]} cxd4 {[%emt 0:01:03]} 4. Nxd4 {[%emt 0:00:08]} e5 {[%emt 0:02:27]} 5. Nb5 {[%emt 0:00:12]} d6 {[%emt 0:00:18]} 6. c4 {[%emt 0:00:44]} a6 {[%emt 0:02:57]} 7. N5c3 {[%emt 0:00:52]} Nf6 {[%emt 0:07:49]} 8. Be2 {[%emt 0:01:26]} h6 {[%emt 0:02:46]} 9. Be3 {[%emt 0:02:02]} Be7 {[%emt 0:02:31]} 10. O-O {[%emt 0:01:19]} O-O {[%emt 0:01:31]} 11. Na3 {[%emt 0:04:27]} Nd7 {[%emt 0:08:01]} 12. Nc2 {[%emt 0:02:54]} Nc5 {[%emt 0:05:25]} 13. Qd2 {[%emt 0:01:43]} Ne6 {[%emt 0:12:27]} 14. Rfd1 {[%emt 0:03:11]} Bg5 {[%emt 0:10:40]} 15. Bxg5 {[%emt 0:03:45]} hxg5 {[%emt 0:01:22]} 16. Qxd6 {[%emt 0:02:19]} Ned4 {[%emt 0:08:23]} 17. Qxd8 {[%emt 0:01:29]} Rxd8 {[%emt 0:00:02]} 18. Nxd4 {[%emt 0:01:32]} Nxd4 {[%emt 0:00:59]} 19. Bd3 {[%emt 0:03:53]} Be6 {[%emt 0:02:53]} 20. Kf1 {[%emt 0:03:13]} Kf8 {[%emt 0:04:49]} 21. Ne2 {[%emt 0:03:06]} Ke7 {[%emt 0:02:31]} 22. b3 {[%emt 0:03:03]} Rac8 {[%emt 0:04:10]} 23. Nxd4 {[%emt 0:07:23]} Rxd4 {[%emt 0:00:14]} 24. f3 {[%emt 0:01:22]} Rcd8 {[%emt 0:01:56]} 25. Ke2 {[%emt 0:01:45]} g4 {[%emt 0:05:54]} 26. Bc2 {[%emt 0:10:51]} Rxd1 {[%emt 0:04:01]} 27. Rxd1 {[%emt 0:00:24]} Rh8 {[%emt 0:01:12]} 28. Rh1 {[%emt 0:00:37]} g3 {[%emt 0:01:10]} 29. h3 {[%emt 0:01:11]} Rd8 {[%emt 0:03:31]} 30. Ke3 {[%emt 0:01:40]} b6 {[%emt 0:02:07]} 31. Bd3 {[%emt 0:00:32]} a5 {[%emt 0:00:48]} 32. Rc1 {[%emt 0:00:59]} Kd6 {[%emt 0:00:33]} 33. f4 {[%emt 0:01:30]} exf4+ {[%emt 0:00:17]} 34. Kxf4 {[%emt 0:00:37]} Kc5 {[%emt 0:00:31]} 35. Ke3 {[%emt 0:04:19]} Kb4 {[%emt 0:00:32]} 36. Kd2 {[%emt 0:01:22]} f5 {[%emt 0:00:44]} 37. Kc2 {[%emt 0:03:53]} f4 {[%emt 0:00:32]} 38. Rf1 {[%emt 0:01:08]} g5 {[%emt 0:00:23]} 39. Be2 {[%emt 0:01:26]} Rd4 {[%emt 0:00:34]} 40. Bf3 {[%emt 0:00:32]} Rd8 {[%emt 0:00:32]} 41. Re1 {[%emt 0:01:12]} a4 {[%emt 0:00:00]} 42. e5 {[%emt 0:00:00]} axb3+ {[%emt 0:00:00]} 43. axb3 {[%emt 0:00:00]} b5 {[%emt 0:00:00]} 44. Bd5 {[%emt 0:00:00]} Bxd5 {[%emt 0:00:00]} 45. cxd5 {[%emt 0:00:00]} Rxd5 {[%emt 0:00:00]} 46. e6 {[%emt 0:00:00]} Rd8 {[%emt 0:00:00]} 47. Re5 {[%emt 0:00:00]} Re8 {[%emt 0:00:00]} 48. Kd3 {[%emt 0:00:00]} g4 {[%emt 0:00:56]} 49. hxg4 {[%emt 0:00:00]} f3 {[%emt 0:01:02]} 50. gxf3 {[%emt 0:00:00]} g2 {[%emt 0:00:44]} 51. Re1 {[%emt 0:00:00]} Rxe6 {[%emt 0:00:58]} 52. Rg1 {[%emt 0:00:00]} Kxb3 {[%emt 0:02:02]} 53. Rxg2 {[%emt 0:00:00]} Rd6+ {[%emt 0:00:44]} 54. Ke4 {[%emt 0:00:00]} Kc3 {[%emt 0:00:30]} 55. g5 {[%emt 0:00:00]} Re6+ {[%emt 0:00:35]} 56. Kf5 {[%emt 0:00:00]} Re8 {[%emt 0:00:05]} 57. g6 {[%emt 0:00:00]} Rf8+ {[%emt 0:00:31]} 58. Kg5 {[%emt 0:00:00]} Kd4 {[%emt 0:00:48]} 59. g7 {[%emt 0:00:00]} Rc8 {[%emt 0:00:36]} 60. Kf4 {[%emt 0:00:00]} Rg8 {[%emt 0:00:25]} 1-0

[Event "CZE-ch U16 2020"]
[Site "Kouty nad Desnou"]
[Date "2020.03.08"]
[Round "2.6"]
[White "Gnojek, Petr"]
[Black "Nezval, Filip"]
[Result "1-0"]
[WhiteElo "2129"]
[BlackElo "1940"]
[Annotator "TA"]
[PlyCount "139"]
[EventDate "2020.03.07"]
[EventCountry "CZE"]
[SourceTitle "playchess.com"]
[Source "ChessBase"]
[SourceQuality "1"]

{[%evp 9,139,26,85,78,82,74,91,86,97,94,101,104,109,83,108,112,198,136,129,122,135,120,125,146,157,124,136,143,143,113,99,119,117,116,112,51,114,83,74,0,0,33,225,129,136,151,180,158,190,77,141,128,216,130,138,31,124,71,80,58,64,43,45,6,6,6,6,6,6,6,6,6,6,6,6,6,6,6,6,6,6,6,6,6,6,6,17,6,105,80,80,6,6,6,6,0,0,0,6,6,6,6,6,6,6,6,6,6,6,6,25,25,992,972,1099,924,1111,1100,982,865,29976,29977,29977,29978,29978,29979,29980,29982,29982,29981,29980,29964]} 1. d4 Nf6 2. c4 c5 3. d5 b5 4. cxb5 a6 5. f3 Qb6 (5... e6 $11) 6. e4 $16 {A57: Benko/Volga Gambit.} e6 7. Nc3 c4 8. Bxc4 {White is better.} axb5 9. Bxb5 Bc5 10. Nge2 O-O 11. Bg5 Ne8 12. Qb3 {[#]} f6 $146 (12... Nc7 $16 {might work better.}) ({Predecessor:} 12... Nc7 13. Bc4 Qa7 14. a3 exd5 15. Nxd5 Nxd5 16. Bxd5 Nc6 17. Rc1 Ba6 18. Rxc5 Qxc5 {½-½ (128) Rozanov,P (2235)-Salman,P (2248) Moscow 2019}) 13. Bf4 (13. dxe6 $1 $18 dxe6 14. Bf4) 13... e5 14. d6+ Kh8 15. Nd5 Qa7 16. Be3 $1 {[%cal Re3c5]} Nxd6 {...Bxe3 is the strong threat.} 17. Bxc5 Qxc5 18. Bd3 Nc6 19. Qb6 Qxb6 20. Nxb6 Rb8 21. Nxc8 Rfxc8 22. O-O-O (22. b3 $1 $16) 22... Na5+ (22... Nb4+ $1 $14 23. Kb1 Nxd3 24. Rxd3 Nc4) 23. Kb1 (23. Nc3 {feels hotter.} Kg8 24. Rhe1 Kf7 25. Re2 Rc7 26. Bc2) 23... Ndc4 24. Bxc4 (24. b3 {is interesting.} Ne3 25. Rd2 Nxg2 26. Rc1 Rxc1+ 27. Nxc1 Nh4 28. Be2) 24... Nxc4 25. b3 Ne3 $2 ({Black should play} 25... Na3+ $14 26. Ka1 Rc2) 26. Rd2 (26. Rxd7 $18 Rc2 27. Re1) 26... Nxg2 27. Rxd7 g6 28. h4 Rd8 29. Rc7 (29. Rxd8+ $18 Rxd8 30. Nc3) 29... Rd2 (29... h5 $142) 30. Rc2 Rbd8 (30... Rd7 $16) 31. h5 gxh5 32. Rxh5 (32. Ng3 $16) 32... Rd1+ ({Better is} 32... Rxc2 $14 33. Kxc2 Ne1+ 34. Kc3 Rc8+ 35. Kb4 Nd3+ 36. Kb5 Rc5+ 37. Kb6 Rc2 {[%mdl 64] Double Attack}) 33. Nc1 ({White should try} 33. Rc1) 33... Nf4 34. Rhh2 Rf1 35. Rc7 h5 36. a4 Rdd1 $1 37. a5 Nd3 $1 {[%cal Rd1c1]} 38. Rhc2 ({Don't go for} 38. Rxh5+ $2 Kg8 $19) 38... h4 39. a6 Nxc1 $1 40. Rxc1 $11 {[%mdl 4096] Endgame Threatens to win with a7. KRR-KRR} h3 41. a7 Rxc1+ 42. Rxc1 Rxc1+ 43. Kxc1 {KP-KP} h2 $132 {[%mdl 2048] Black has counterplay} 44. a8=Q+ Kg7 45. Qa7+ Kg6 46. Qe3 {Black must now prevent Qe1.} (46. Qf2 {seems wilder.} h1=Q+ 47. Kb2 Qd1 48. b4 Qd3 49. Qg2+) 46... h1=Q+ {KQ-KQ} 47. Kb2 Qg2+ 48. Ka3 Qc2 (48... Qh1 $11) 49. b4 Qc4 50. Qb3 (50. Qg1+ $1 $16 Kh6 51. Qb1) 50... Qa6+ 51. Kb2 {White wants to play b5.} Qe2+ 52. Kb1 Qe1+ 53. Kb2 Qe2+ 54. Qc2 Qxf3 55. b5 Qe3 56. Qc4 Qb6 57. Qc6 Qd4+ 58. Kb3 {Hoping for b6.} Qd1+ 59. Kb4 {Strongly threatening b6.} Qd2+ 60. Qc3 Qd6+ $2 {[%mdl 8192] [#]} (60... Qf2 $11) 61. Ka5 $1 $18 Qd8+ {[#]} 62. b6 $1 Qa8+ 63. Kb5 Qxe4 64. Qc4 Qb1+ 65. Kc6 {White mates.} Qh1+ 66. Qd5 Qc1+ 67. Kd7 Qc2 68. b7 Qa4+ 69. Kc7 Qa7 70. Qb5 {Accuracy: White = 64%, Black = 63%.} 1-0

[Event "CZE-ch U16 2020"]
[Site "Kouty nad Desnou"]
[Date "2020.03.08"]
[Round "2.7"]
[White "Neumann, Filip"]
[Black "Kolar, Jan"]
[Result "1-0"]
[WhiteElo "2084"]
[BlackElo "1760"]
[Annotator "ChessBase"]
[PlyCount "57"]
[EventDate "2020.03.07"]
[EventCountry "CZE"]
[SourceTitle "playchess.com"]
[Source "ChessBase"]
[SourceQuality "1"]
[TimeControl "5400+30"]

1. Nf3 {[%emt 0:00:00]} c5 {[%emt 0:00:00]} 2. g3 {[%emt 0:00:23]} b6 {[%emt 0:00:35]} 3. Bg2 {[%emt 0:00:45]} Bb7 {[%emt 0:00:24]} 4. O-O {[%emt 0:00:03]} Nf6 {[%emt 0:01:14]} 5. d3 {[%emt 0:00:17]} d5 {[%emt 0:01:07]} 6. Nbd2 {[%emt 0:00:31]} e6 {[%emt 0:02:42]} 7. e4 {[%emt 0:00:47]} Nc6 {[%emt 0:05:15]} 8. Re1 {[%emt 0:00:12]} Be7 {[%emt 0:01:25]} 9. c3 {[%emt 0:00:10]} dxe4 {[%emt 0:02:40]} 10. dxe4 {[%emt 0:00:19]} O-O {[%emt 0:01:22]} 11. Qc2 {[%emt 0:00:33]} Qc7 {[%emt 0:21:25]} 12. Nc4 {[%emt 0:00:44]} Rad8 {[%emt 0:02:40]} 13. Bf4 {[%emt 0:01:38]} Qc8 {[%emt 0:00:15]} 14. e5 {[%emt 0:10:48]} Nd5 {[%emt 0:03:21]} 15. Ng5 {[%emt 0:00:15]} g6 {[%emt 0:00:22]} 16. Ne4 {[%emt 0:00:24]} Nxf4 {[%emt 0:17:08]} 17. gxf4 {[%emt 0:00:12]} Qc7 {[%emt 0:04:06]} 18. Ncd6 {[%emt 0:01:17]} Bxd6 {[%emt 0:02:47]} 19. Nxd6 {[%emt 0:03:32]} Rxd6 {[%emt 0:00:14]} 20. exd6 {[%emt 0:00:07]} Qxd6 {[%emt 0:00:03]} 21. Qa4 {[%emt 0:02:37]} Qc7 {[%emt 0:07:22]} 22. Rad1 {[%emt 0:00:15]} a6 {[%emt 0:01:45]} 23. Re3 {[%emt 0:11:45]} b5 {[%emt 0:02:29]} 24. Qa3 {[%emt 0:00:02]} b4 {[%emt 0:11:56]} 25. Qa4 {[%emt 0:00:23]} Rc8 {[%emt 0:04:35]} 26. cxb4 {[%emt 0:05:02]} Nxb4 {[%emt 0:02:15]} 27. Rd7 {[%emt 0:00:52]} Qxf4 28. Rxb7 {[%emt 0:00:54]} Qg4 {[%emt 0:03:57]} 29. Qd7 {[%emt 0:00:41]} 1-0

[Event "CZE-ch U16 2020"]
[Site "Kouty nad Desnou"]
[Date "2020.03.08"]
[Round "2.8"]
[White "Ret, Adam Josef"]
[Black "Blaha, Marek"]
[Result "1-0"]
[WhiteElo "1999"]
[BlackElo "1836"]
[Annotator "ChessBase"]
[PlyCount "53"]
[EventDate "2020.03.07"]
[EventCountry "CZE"]
[SourceTitle "playchess.com"]
[Source "ChessBase"]
[SourceQuality "1"]
[TimeControl "5400+30"]

1. d4 {[%emt 0:00:00]} d5 {[%emt 0:00:00]} 2. Bf4 {[%emt 0:00:00]} c5 {[%emt 0:00:00]} 3. e3 {[%emt 0:00:22]} cxd4 {[%emt 0:00:00]} 4. exd4 {[%emt 0:01:00]} Nc6 {[%emt 0:00:00]} 5. Nf3 {[%emt 0:03:12]} Bf5 {[%emt 0:00:07]} 6. Bd3 {[%emt 0:01:19]} Qd7 {[%emt 0:15:07]} 7. O-O {[%emt 0:04:05]} Bxd3 {[%emt 0:07:08]} 8. Qxd3 {[%emt 0:00:15]} Rc8 {[%emt 0:00:15]} 9. c3 {[%emt 0:03:36]} e6 {[%emt 0:00:55]} 10. Nbd2 {[%emt 0:02:09]} Nf6 {[%emt 0:00:42]} 11. c4 {[%emt 0:03:56]} Bd6 {[%emt 0:14:07]} 12. Bg5 {[%emt 0:04:09]} Be7 {[%emt 0:02:57]} 13. c5 {[%emt 0:02:51]} O-O {[%emt 0:16:26]} 14. Rfe1 {[%emt 0:02:21]} h6 {[%emt 0:01:30]} 15. Bf4 {[%emt 0:08:37]} Rfd8 {[%emt 0:03:51]} 16. a3 {[%emt 0:05:29]} Ne4 {[%emt 0:04:22]} 17. b4 {[%emt 0:01:53]} Nxd2 {[%emt 0:00:52]} 18. Qxd2 {[%emt 0:01:04]} a6 {[%emt 0:01:17]} 19. a4 {[%emt 0:02:18]} Na7 {[%emt 0:01:08]} 20. Ne5 {[%emt 0:02:25]} Qe8 {[%emt 0:00:09]} 21. Ra3 {[%emt 0:01:01]} Nc6 {[%emt 0:02:43]} 22. Bxh6 {[%emt 0:03:03]} Nxe5 {[%emt 0:03:47]} 23. dxe5 {[%emt 0:00:31]} Bf8 {[%emt 0:02:20]} 24. Rg3 {[%emt 0:02:16]} g6 {[%emt 0:00:04]} 25. Bg5 {[%emt 0:00:31]} Rd7 {[%emt 0:01:06]} 26. Bf6 {[%emt 0:00:10]} Bg7 {[%emt 0:00:34]} 27. Rh3 {[%emt 0:00:11]} 1-0

[Event "CZE-ch U16 2020"]
[Site "Kouty nad Desnou"]
[Date "2020.03.08"]
[Round "2.9"]
[White "Krizek, Krystof"]
[Black "Rokos, Filip"]
[Result "1/2-1/2"]
[WhiteElo "1947"]
[BlackElo "2127"]
[Annotator "ChessBase"]
[PlyCount "82"]
[EventDate "2020.03.07"]
[EventCountry "CZE"]
[SourceTitle "playchess.com"]
[Source "ChessBase"]
[SourceQuality "1"]
[TimeControl "5400+30"]

1. e4 {[%emt 0:00:00]} e6 {[%emt 0:00:00]} 2. d4 {[%emt 0:00:00]} d5 {[%emt 0:00:00]} 3. Nd2 {[%emt 0:00:00]} c5 {[%emt 0:00:05]} 4. Ngf3 {[%emt 0:00:00]} cxd4 {[%emt 0:00:26]} 5. exd5 {[%emt 0:00:09]} Qxd5 {[%emt 0:00:06]} 6. Bc4 {[%emt 0:00:14]} Qd8 {[%emt 0:00:03]} 7. O-O {[%emt 0:00:15]} Nc6 {[%emt 0:00:03]} 8. Nb3 {[%emt 0:00:14]} a6 {[%emt 0:00:05]} 9. a4 {[%emt 0:14:32]} Nf6 {[%emt 0:09:28]} 10. Nbxd4 {[%emt 0:00:50]} Nxd4 {[%emt 0:00:06]} 11. Qxd4 {[%emt 0:01:43]} Qxd4 {[%emt 0:00:10]} 12. Nxd4 {[%emt 0:00:01]} Bc5 {[%emt 0:00:54]} 13. Nb3 {[%emt 0:00:14]} Bd6 {[%emt 0:03:12]} 14. Be2 {[%emt 0:05:35]} b6 {[%emt 0:05:49]} 15. Bf3 {[%emt 0:04:42]} Rb8 {[%emt 0:00:10]} 16. Rd1 {[%emt 0:00:45]} Ke7 {[%emt 0:02:24]} 17. Nd4 {[%emt 0:00:27]} Bd7 {[%emt 0:01:41]} 18. Be3 {[%emt 0:05:33]} Rhc8 {[%emt 0:04:58]} 19. c3 {[%emt 0:00:34]} e5 {[%emt 0:13:45]} 20. Nc2 {[%emt 0:04:29]} Be6 {[%emt 0:04:52]} 21. Bg5 {[%emt 0:12:49]} Bb3 {[%emt 0:13:10]} 22. Rd2 {[%emt 0:01:22]} Bxc2 {[%emt 0:15:07]} 23. Rxc2 {[%emt 0:00:11]} h6 {[%emt 0:03:51]} 24. Be3 {[%emt 0:03:02]} Bc5 {[%emt 0:00:28]} 25. Re2 {[%emt 0:00:55]} Ke6 {[%emt 0:02:36]} 26. Rae1 {[%emt 0:01:02]} Nd7 {[%emt 0:01:11]} 27. Bd4 {[%emt 0:04:06]} Bxd4 {[%emt 0:04:05]} 28. cxd4 {[%emt 0:01:10]} Rc4 {[%emt 0:00:05]} 29. dxe5 {[%emt 0:01:02]} Rxa4 {[%emt 0:00:43]} 30. h3 {[%emt 0:03:15]} Nc5 {[%emt 0:03:38]} 31. Rd2 {[%emt 0:01:10]} Rb4 {[%emt 0:01:09]} 32. g3 {[%emt 0:04:37]} Ke7 {[%emt 0:02:06]} 33. Bg4 Rd8 34. Red1 {[%emt 0:03:50]} Rxd2 {[%emt 0:00:39]} 35. Rxd2 a5 36. Kg2 {[%emt 0:01:05]} Rb3 {[%emt 0:01:56]} 37. Bd1 {[%emt 0:00:32]} Rb4 {[%emt 0:02:13]} 38. f4 {[%emt 0:03:18]} Re4 {[%emt 0:06:32]} 39. Bf3 {[%emt 0:00:55]} Rb4 {[%emt 0:00:00]} 40. Bd1 {[%emt 0:00:00]} Nb3 {[%emt 0:00:00]} 41. Rd3 {[%emt 0:00:00]} Nc5 1/2-1/2

[Event "CZE-ch U16 2020"]
[Site "Kouty nad Desnou"]
[Date "2020.03.08"]
[Round "2.10"]
[White "Barak, David"]
[Black "Volak, Simon"]
[Result "1/2-1/2"]
[WhiteElo "2114"]
[BlackElo "1937"]
[Annotator "ChessBase"]
[PlyCount "96"]
[EventDate "2020.03.07"]
[EventCountry "CZE"]
[SourceTitle "playchess.com"]
[Source "ChessBase"]
[SourceQuality "1"]
[TimeControl "5400+30"]

1. d4 {[%emt 0:00:00]} Nf6 {[%emt 0:00:00]} 2. c4 {[%emt 0:00:00]} g6 {[%emt 0:00:00]} 3. Nc3 {[%emt 0:00:00]} Bg7 {[%emt 0:00:00]} 4. e4 {[%emt 0:00:00]} d6 {[%emt 0:00:00]} 5. Nf3 {[%emt 0:00:00]} O-O {[%emt 0:00:00]} 6. Be2 {[%emt 0:00:08]} Na6 {[%emt 0:00:33]} 7. Qc2 {[%emt 0:00:52]} Qe8 {[%emt 0:08:38]} 8. h3 {[%emt 0:05:17]} e5 {[%emt 0:00:53]} 9. d5 {[%emt 0:00:34]} Nh5 {[%emt 0:04:53]} 10. g3 {[%emt 0:08:24]} f5 {[%emt 0:07:21]} 11. Nd2 {[%emt 0:19:36]} Nf6 {[%emt 0:13:31]} 12. a3 {[%emt 0:05:00]} Nc5 {[%emt 0:02:27]} 13. b4 {[%emt 0:01:55]} Ncxe4 {[%emt 0:00:36]} 14. Ndxe4 {[%emt 0:00:13]} fxe4 {[%emt 0:00:33]} 15. Be3 {[%emt 0:02:46]} a5 {[%emt 0:06:26]} 16. Ra2 {[%emt 0:08:08]} axb4 {[%emt 0:03:39]} 17. axb4 {[%emt 0:00:17]} Rxa2 {[%emt 0:00:40]} 18. Qxa2 {[%emt 0:00:42]} Bd7 {[%emt 0:01:46]} 19. g4 {[%emt 0:05:30]} Qa8 {[%emt 0:05:44]} 20. Qb2 {[%emt 0:05:19]} c6 {[%emt 0:06:03]} 21. Kd2 {[%emt 0:03:46]} h6 {[%emt 0:08:15]} 22. Ra1 {[%emt 0:01:56]} Qb8 {[%emt 0:01:10]} 23. Qa2 {[%emt 0:04:27]} cxd5 {[%emt 0:01:09]} 24. cxd5 {[%emt 0:00:41]} Rc8 {[%emt 0:01:19]} 25. Qa5 {[%emt 0:01:12]} Qc7 {[%emt 0:06:59]} 26. Qxc7 {[%emt 0:06:11]} Rxc7 {[%emt 0:00:05]} 27. Ra8+ {[%emt 0:00:44]} Kf7 {[%emt 0:07:29]} 28. Rb8 {[%emt 0:04:09]} Ke7 {[%emt 0:01:58]} 29. b5 {[%emt 0:01:29]} Bf8 {[%emt 0:11:15]} 30. b6 {[%emt 0:01:31]} Rxc3 {[%emt 0:00:23]} 31. Kxc3 {[%emt 0:00:12]} Nxd5+ {[%emt 0:00:05]} 32. Kd2 {[%emt 0:08:20]} Bc6 {[%emt 0:00:15]} 33. Ba6 {[%emt 0:02:21]} bxa6 {[%emt 0:01:28]} 34. b7 {[%emt 0:00:06]} Bxb7 {[%emt 0:00:27]} 35. Rxb7+ {[%emt 0:00:13]} Ke6 {[%emt 0:00:32]} 36. h4 {[%emt 0:04:06]} Be7 {[%emt 0:00:52]} 37. h5 {[%emt 0:01:22]} gxh5 {[%emt 0:00:13]} 38. gxh5 {[%emt 0:00:11]} Nf6 {[%emt 0:00:35]} 39. Bxh6 {[%emt 0:01:02]} Nxh5 {[%emt 0:00:12]} 40. Ra7 {[%emt 0:00:40]} Nf6 {[%emt 0:00:20]} 41. Rxa6 {[%emt 0:00:00]} Ng4 {[%emt 0:00:00]} 42. Be3 {[%emt 0:00:00]} Kf5 {[%emt 0:00:00]} 43. Ra7 {[%emt 0:00:00]} Bf6 {[%emt 0:00:00]} 44. Ra5 {[%emt 0:00:00]} Bh4 {[%emt 0:00:00]} 45. Ke2 {[%emt 0:00:00]} Nf6 {[%emt 0:00:00]} 46. Ra6 {[%emt 0:00:00]} d5 {[%emt 0:00:00]} 47. Ra5 {[%emt 0:00:00]} Bg5 {[%emt 0:00:00]} 48. Rb5 {[%emt 0:00:00]} Bf4 {[%emt 0:00:00]} 1/2-1/2

[Event "CZE-ch U16 2020"]
[Site "Kouty nad Desnou"]
[Date "2020.03.08"]
[Round "2.11"]
[White "Hosnedl, Matyas"]
[Black "Jirousek, Jan"]
[Result "1-0"]
[WhiteElo "1977"]
[BlackElo "1887"]
[Annotator "ChessBase"]
[PlyCount "99"]
[EventDate "2020.03.07"]
[EventCountry "CZE"]
[SourceTitle "playchess.com"]
[Source "ChessBase"]
[SourceQuality "1"]
[TimeControl "5400+30"]

1. e4 {[%emt 0:00:00]} c6 {[%emt 0:00:00]} 2. d4 {[%emt 0:00:04]} d5 {[%emt 0:00:00]} 3. exd5 {[%emt 0:00:34]} cxd5 {[%emt 0:00:00]} 4. c4 {[%emt 0:00:13]} Nf6 {[%emt 0:00:12]} 5. Nc3 {[%emt 0:00:34]} Nc6 {[%emt 0:00:31]} 6. Nf3 {[%emt 0:00:19]} Be6 {[%emt 0:01:23]} 7. Bg5 {[%emt 0:01:08]} g6 {[%emt 0:01:11]} 8. c5 {[%emt 0:04:08]} Bg7 {[%emt 0:02:45]} 9. Bb5 {[%emt 0:11:19]} O-O {[%emt 0:05:01]} 10. O-O {[%emt 0:03:58]} Bg4 {[%emt 0:01:47]} 11. Bxc6 {[%emt 0:01:23]} bxc6 {[%emt 0:10:05]} 12. h3 {[%emt 0:01:39]} Bxf3 {[%emt 0:00:26]} 13. Qxf3 {[%emt 0:00:15]} Rb8 {[%emt 0:03:37]} 14. Rab1 {[%emt 0:05:22]} Rb4 {[%emt 0:09:29]} 15. Qd3 {[%emt 0:05:30]} Qd7 {[%emt 0:06:47]} 16. Rfe1 {[%emt 0:10:33]} Rfb8 {[%emt 0:08:38]} 17. b3 {[%emt 0:04:35]} e6 {[%emt 0:15:42]} 18. Bf4 {[%emt 0:02:52]} Rd8 {[%emt 0:09:38]} 19. Be5 {[%emt 0:03:52]} Ne4 {[%emt 0:16:49]} 20. a3 {[%emt 0:11:56]} Nxc3 {[%emt 0:01:10]} 21. Qxc3 {[%emt 0:00:21]} Rb7 {[%emt 0:00:24]} 22. Bxg7 {[%emt 0:01:06]} Kxg7 {[%emt 0:00:10]} 23. b4 {[%emt 0:00:21]} a6 {[%emt 0:02:48]} 24. Qd3 {[%emt 0:02:19]} Ra8 {[%emt 0:01:16]} 25. a4 {[%emt 0:00:14]} Rab8 {[%emt 0:01:25]} 26. Qg3 {[%emt 0:03:25]} Qc7 {[%emt 0:01:11]} 27. Qxc7 {[%emt 0:07:08]} Rxc7 {[%emt 0:00:01]} 28. Rb3 {[%emt 0:00:41]} Rcb7 {[%emt 0:00:18]} 29. Reb1 {[%emt 0:00:15]} Kf6 {[%emt 0:00:41]} 30. g3 {[%emt 0:01:21]} Ke7 {[%emt 0:00:56]} 31. Kg2 {[%emt 0:00:22]} Kd7 {[%emt 0:00:29]} 32. Kf3 {[%emt 0:00:33]} f6 {[%emt 0:00:33]} 33. Kf4 {[%emt 0:01:03]} Ke7 {[%emt 0:00:30]} 34. h4 {[%emt 0:02:26]} Kf7 {[%emt 0:00:30]} 35. g4 {[%emt 0:00:30]} h6 {[%emt 0:00:29]} 36. g5 {[%emt 0:01:55]} fxg5+ {[%emt 0:00:27]} 37. hxg5 {[%emt 0:00:08]} h5 {[%emt 0:00:31]} 38. Ke5 {[%emt 0:01:20]} Ke7 {[%emt 0:00:25]} 39. Rf3 {[%emt 0:00:38]} Rxb4 {[%emt 0:00:40]} 40. Rxb4 {[%emt 0:00:06]} Rxb4 {[%emt 0:00:03]} 41. Rf6 {[%emt 0:00:44]} Rb2 {[%emt 0:00:00]} 42. Rxe6+ {[%emt 0:00:00]} Kf7 {[%emt 0:00:00]} 43. Rxc6 {[%emt 0:00:00]} h4 {[%emt 0:00:00]} 44. Rf6+ {[%emt 0:00:00]} Kg7 {[%emt 0:00:00]} 45. Rf4 {[%emt 0:00:00]} h3 {[%emt 0:00:00]} 46. Rh4 {[%emt 0:00:00]} Rxf2 {[%emt 0:00:00]} 47. Rxh3 {[%emt 0:00:00]} Rf5+ {[%emt 0:00:00]} 48. Kd6 {[%emt 0:00:00]} Rf8 {[%emt 0:00:00]} 49. c6 {[%emt 0:00:00]} Rd8+ {[%emt 0:00:00]} 50. Ke7 {[%emt 0:00:00]} 1-0

[Event "CZE-ch U16 2020"]
[Site "Kouty nad Desnou"]
[Date "2020.03.08"]
[Round "2.12"]
[White "Vecera, Dominik"]
[Black "Habenicht, Martin"]
[Result "1-0"]
[WhiteElo "1814"]
[BlackElo "1970"]
[Annotator "ChessBase"]
[PlyCount "81"]
[EventDate "2020.03.07"]
[EventCountry "CZE"]
[SourceTitle "playchess.com"]
[Source "ChessBase"]
[SourceQuality "1"]
[TimeControl "5400+30"]

1. e4 {[%emt 0:00:00]} d5 {[%emt 0:00:00]} 2. exd5 {[%emt 0:00:00]} Nf6 {[%emt 0:00:00]} 3. d4 {[%emt 0:00:00]} Bg4 {[%emt 0:00:00]} 4. Bb5+ {[%emt 0:01:44]} Nbd7 {[%emt 0:00:00]} 5. f3 {[%emt 0:06:45]} Bf5 {[%emt 0:00:34]} 6. c4 {[%emt 0:06:19]} a6 {[%emt 0:01:43]} 7. Bxd7+ {[%emt 0:04:12]} Qxd7 {[%emt 0:01:44]} 8. Ne2 {[%emt 0:04:39]} h5 {[%emt 0:04:16]} 9. Nbc3 {[%emt 0:08:36]} b5 {[%emt 0:14:30]} 10. b3 {[%emt 0:02:43]} h4 {[%emt 0:06:36]} 11. Be3 {[%emt 0:11:12]} e6 {[%emt 0:05:17]} 12. dxe6 {[%emt 0:02:40]} fxe6 {[%emt 0:14:19]} 13. Qd2 {[%emt 0:08:42]} Rd8 {[%emt 0:10:59]} 14. Rd1 {[%emt 0:04:52]} Bb4 {[%emt 0:03:00]} 15. O-O {[%emt 0:06:54]} bxc4 {[%emt 0:03:21]} 16. bxc4 {[%emt 0:00:45]} Qc6 {[%emt 0:01:12]} 17. c5 {[%emt 0:03:28]} Bxc5 {[%emt 0:02:20]} 18. Qb2 {[%emt 0:07:39]} Bb6 {[%emt 0:02:21]} 19. Rc1 {[%emt 0:03:18]} Qd7 {[%emt 0:01:50]} 20. Bf2 {[%emt 0:02:51]} h3 {[%emt 0:07:17]} 21. g4 {[%emt 0:03:49]} Bd3 {[%emt 0:05:26]} 22. Rfe1 {[%emt 0:00:43]} O-O {[%emt 0:01:14]} 23. Nf4 {[%emt 0:01:46]} Bc4 {[%emt 0:02:20]} 24. Ng6 {[%emt 0:01:32]} Bxd4 {[%emt 0:02:37]} 25. Nxf8 {[%emt 0:00:36]} Rxf8 {[%emt 0:01:01]} 26. Red1 {[%emt 0:02:56]} e5 {[%emt 0:01:28]} 27. Bxd4 {[%emt 0:01:54]} exd4 {[%emt 0:00:10]} 28. Ne2 {[%emt 0:01:26]} Qe6 {[%emt 0:01:34]} 29. Nxd4 {[%emt 0:01:13]} Qe3+ {[%emt 0:01:16]} 30. Qf2 {[%emt 0:00:36]} Nxg4 {[%emt 0:01:27]} 31. Qxe3 {[%emt 0:00:28]} Nxe3 {[%emt 0:00:02]} 32. Re1 {[%emt 0:00:30]} Ng2 {[%emt 0:02:04]} 33. Re7 {[%emt 0:00:22]} Bxa2 {[%emt 0:00:59]} 34. Rcxc7 {[%emt 0:00:10]} Rf7 {[%emt 0:00:20]} 35. Rxf7 {[%emt 0:01:02]} Bxf7 {[%emt 0:00:02]} 36. Nf5 {[%emt 0:00:43]} Ne1 {[%emt 0:00:53]} 37. Kf2 {[%emt 0:00:26]} Nd3+ {[%emt 0:00:02]} 38. Kg3 {[%emt 0:00:33]} Nb2 {[%emt 0:00:18]} 39. Ra7 {[%emt 0:00:22]} Be6 {[%emt 0:02:54]} 40. Nxg7 {[%emt 0:00:46]} Bc4 {[%emt 0:00:01]} 41. Nf5 {[%emt 0:00:37]} 1-0